Logo BPK

Biblioteka

Politechniki Koszalińskiej

Let's begin reading right : (Rekord nr 47596)

Szczegóły MARC
000 -ETYKIETA REKORDU
podpole kontrolne o stałej długości 00813nam a2200229 i 4500
001 - NUMER KONTROLNY REKORDU
pole kontrolne bgj
020 ## - MIĘDZYNARODOWY ZNORMALIZOWANY NUMER KSIĄŻKI - ISBN
ISBN 0675206162
040 ## - ŹRÓDŁO KATALOGOWANIA
Instytucja, która utworzyła rekord BPK
041 0# - KOD JĘZYKA
Kod języka tekstu eng
920 ## - Międzynarodowy znormalizowany numer książki – ISBN
ISBN 0-675-20616-2
008 - POLE O STAŁEJ DŁUGOŚCI - DANE KONTROLNE
podpole kontrolne o stałej długości s uk f |000 0 eng
100 1# - NAZWA OSOBOWA
Nazwa osobowa FIELDS, Marjorie Vannoy.
245 10 - TYTUŁ/ODPOWIEDZIALNOŚĆ
Tytuł Let's begin reading right :
Ciąg dalszy tytułu a developmental approach to beginning literacy /
Pozostałe elementy strefy tytułu i oznaczenia odpowiedzialności Marjorie Vannoy Fields, Dorris M. Lee.
260 ## - STREFA ADRESU WYDAWNICZEGO
Miejsce wydania Columbus [etc.] :
Nazwa wydawcy/dystrybutora Merrill Publishing Company :
-- A Bell & Howell Information Company,
Data publikacji, dystrybucji/powstania dokumentu c. 1987.
300 ## - STREFA OPISU FIZYCZNEGO
Objętość XII, 249 pp :
Inne cechy fizyczne ill. ;
Rozmiary 24 cm.
505 ## - SFORMALIZOWANA UWAGA DOTYCZĄCA ZAWARTOŚCI
Pełny tekst uwagi Includes bibliographical references after each chapter and index.
650 #9 - HASŁO PRZEDMIOTOWE W FORMIE NAZWY OGÓLNEJ LUB JEDNOSTKOWEJ
Nazwa ogólna lub geograficzna Reading (Primary)
650 #9 - HASŁO PRZEDMIOTOWE W FORMIE NAZWY OGÓLNEJ LUB JEDNOSTKOWEJ
Nazwa ogólna lub geograficzna Child development
650 #9 - HASŁO PRZEDMIOTOWE W FORMIE NAZWY OGÓLNEJ LUB JEDNOSTKOWEJ
Nazwa ogólna lub geograficzna Children
Określnik ogólny Language
700 1# - HASŁO DODATKOWE - NAZWA OSOBOWA
Nazwa osobowa LEE, Doris [May]
Daty związane z nazwą (1905- ).
Określenie związku między hasłem a opisywanym materiałem co-author
942 ## - DODATKOWE ELEMENTY (KOHA)
Typ dokumentu Książka
Egzemplarze
Wycofany Status egzemplarza Uszkodzony Dostępność Lokalizacja stała Lokalizacja bieżąca Miejsce przechowywania Sygnatura Kod kreskowy Typ dokumentu
      Tylko na miejscu Biblioteka Politechniki Koszalińskiej Biblioteka Politechniki Koszalińskiej Czytelnia Wydziałowa ul. Kwiatkowskiego 6e KA 3998 09011502 Książka
      Dostępny Biblioteka Politechniki Koszalińskiej Biblioteka Politechniki Koszalińskiej Wypożyczalnia Językowa KA 3999 09011519 Książka
© 2023 Biblioteka Politechniki Koszalińskiej :: KOHA